<?xml version="1.0" encoding="UTF-8"?><?xml-stylesheet type="text/xsl" href="static/style.xsl"?><OAI-PMH xmlns="http://www.openarchives.org/OAI/2.0/" xmlns:xsi="http://www.w3.org/2001/XMLSchema-instance" xsi:schemaLocation="http://www.openarchives.org/OAI/2.0/ http://www.openarchives.org/OAI/2.0/OAI-PMH.xsd"><responseDate>2026-04-17T02:29:48Z</responseDate><request verb="GetRecord" identifier="oai:www.recercat.cat:2072/421015" metadataPrefix="marc">https://recercat.cat/oai/request</request><GetRecord><record><header><identifier>oai:recercat.cat:2072/421015</identifier><datestamp>2025-07-20T19:38:35Z</datestamp><setSpec>com_2072_98</setSpec><setSpec>col_2072_378196</setSpec></header><metadata><record xmlns="http://www.loc.gov/MARC21/slim" xmlns:dcterms="http://purl.org/dc/terms/" xmlns:xsi="http://www.w3.org/2001/XMLSchema-instance" xmlns:doc="http://www.lyncode.com/xoai" xsi:schemaLocation="http://www.loc.gov/MARC21/slim http://www.loc.gov/standards/marcxml/schema/MARC21slim.xsd">
   <leader>00925njm 22002777a 4500</leader>
   <datafield ind2=" " ind1=" " tag="042">
      <subfield code="a">dc</subfield>
   </datafield>
   <datafield ind2=" " ind1=" " tag="720">
      <subfield code="a">Cuesta Dueñas, Juan José</subfield>
      <subfield code="e">author</subfield>
   </datafield>
   <datafield ind2=" " ind1=" " tag="720">
      <subfield code="a">Universitat Autònoma de Barcelona. Facultat de Filosofia i Lletres</subfield>
      <subfield code="e">author</subfield>
   </datafield>
   <datafield ind2=" " ind1=" " tag="260">
      <subfield code="c">2011</subfield>
   </datafield>
   <datafield ind2=" " ind1=" " tag="520">
      <subfield code="a">Esta investigación pretende abordar el estudio del juego en el ámbito teatral, intentando reconocer los vínculos que pudiera haber entre el universo de la escena y el lúdico. La base teórica estudiada sobre el juego serán las fuentes primarias de la construcción lúdica: Johan Huizinga, y Roger Caillois y como referente principal del análisis del signo teatral tomaré a Tadeusz Kowzan, historiador y semiólogo del teatro. Para documentar la práctica teatral, he seleccionado a Jacques Lecoq y Philippe Gaulier, además de la compañía británica Théâtre de Complicité, analizando muy particularmente su espectáculo Las tres vidas de Lucie Cabrol</subfield>
   </datafield>
   <datafield tag="653" ind2=" " ind1=" ">
      <subfield code="a">Joc</subfield>
   </datafield>
   <datafield tag="653" ind2=" " ind1=" ">
      <subfield code="a">Teatre</subfield>
   </datafield>
   <datafield ind2="0" ind1="0" tag="245">
      <subfield code="a">El juego como motor en el proceso teatral : proximidades en los discursos de Huizinga, Caillois, Lecoq, Gaulier y Théâtre de Complicité</subfield>
   </datafield>
</record></metadata></record></GetRecord></OAI-PMH>